• 首页
  • 本馆介绍
  • 公告通知
  • 最新文献
  • 馆藏检索
  • 电子资源
  • 读者导购
  • 参考咨询
  • 我的图书馆
  • 登录
  • 详细信息显示
  • 放入我的书架
  • 预约/预借图书
  • 作者相关作品
  • 分类相关作品
  • 丛书相关作品
  • 出版社相关作品

书目信息

  • 表格格式
  • 工作单格式
  • 卡片格式
题名:
大数据分析与数据挖掘
    
 
作者: 简祯富 , 许嘉裕 编著
分册:  
出版信息: 北京   清华大学出版社  2016.03
页数: 10, 354页
开本: 26cm
丛书名:
单 册:
中图分类: O212.1 , TP274
科图分类:
主题词: 统计数据--tong ji shu ju--统计分析 , 数据采集--shu ju cai ji
电子资源:
ISBN: 978-7-302-42425-3
000 01135nam0 2200265 450
001 0109110244
005 20201109110340.0
010    @a978-7-302-42425-3@dCNY55.00
100    @a20160330e20202016em y0chiy0110 ea
101 0  @achi
102    @aCN@b110000
105    @aa z 000yy
106    @ar
200 1  @a大数据分析与数据挖掘@Ada shu ju fen xi yu shu ju wa jue@f简祯富, 许嘉裕编著
210    @a北京@c清华大学出版社@d2016.03@h2020.01
215    @a10, 354页@c图@d26cm
330    @a本书主要介绍数据挖掘与大数据分析的理论方法与实践应用,并加入丰富的实务案例介绍,具体说明如何应用数据挖掘与大数据分析技术以解决真实问题,剖析从数据中掏金的秘诀。全书共分为13章,内容涵盖数据挖掘基本概念与数据准备、数据挖掘的方法与实证、数据挖掘的进阶运用;书中也提供R语言与编程实例辅以说明,使读者更能融会贯通地应用数据挖掘方法,进而提升大数据分析和数字决策能力。
606 0  @a统计数据@Atong ji shu ju@x统计分析
606 0  @a数据采集@Ashu ju cai ji
690    @aO212.1@v5
690    @aTP274@v5
701  0 @a简祯富@Ajian zhen fu@4编著
701  0 @a许嘉裕@Axu jia yu@4编著
801  0 @aCN@bBJSZM@c20201103
905    @b1241919-22@dO212.1@e144@f4
    
    大数据分析与数据挖掘/简祯富, 许嘉裕编著.-北京:清华大学出版社,2016.03(2020.01)
    10, 354页:图;26cm
    
    
    ISBN 978-7-302-42425-3:CNY55.00
    本书主要介绍数据挖掘与大数据分析的理论方法与实践应用,并加入丰富的实务案例介绍,具体说明如何应用数据挖掘与大数据分析技术以解决真实问题,剖析从数据中掏金的秘诀。全书共分为13章,内容涵盖数据挖掘基本概念与数据准备、数据挖掘的方法与实证、数据挖掘的进阶运用;书中也提供R语言与编程实例辅以说明,使读者更能融会贯通地应用数据挖掘方法,进而提升大数据分析和数字决策能力。
●
相关链接 在E读中查询图书 在五车中查询图书 在当当中查询图书 在豆瓣中查询图书


正题名:大数据分析与数据挖掘     索取号:O212.1/144         预约/预借

序号 登录号 条形码 馆藏地/架位号 状态 备注
1 1241919   212419195   第二样本阅览室/ [索取号:O212.1/144] 在馆    
2 1241920   212419202   第三借阅区/ [索取号:O212.1/144] 在馆    
3 1241921   212419211   第三借阅区/ [索取号:O212.1/144] 在馆    
4 1241922   212419220   第三借阅区/ [索取号:O212.1/144] 在馆    
唐山师范学院图书馆 欢迎您!
大连网信软件有限公司© 版权所有